000 00600nam a2200253Ia 4500
005 20260121161256.0
008 008 260114s9999 xx 000 0 eng d
020 _a9780203036754
037 _aEBOOK
040 _aCRL
040 _beng
040 _cCRL
041 _2eng
041 _aeng
084 _qCRL
100 _aCharles S. Prebish
_91042370
245 2 _aA Survey of Vinaya Literature:
260 _bTaylor and Francis
260 _c1994
856 _uhttp://www.taylorfrancis.com/books/9780203036754
942 _cEBOOK
999 _c1609186
_d1609186